MARC details
| 000 -LEADER |
| fixed length control field |
00993cam a22002774a 4500 |
| 001 - CONTROL NUMBER |
| control field |
13994231 |
| 005 - DATE AND TIME OF LATEST TRANSACTION |
| control field |
20240209053546.0 |
| 008 - FIXED-LENGTH DATA ELEMENTS--GENERAL INFORMATION |
| fixed length control field |
050607s2005 nyua b 001 0 eng |
| 020 ## - INTERNATIONAL STANDARD BOOK NUMBER |
| ISBN |
0713996870 (hardcover : alk. paper) |
| 020 ## - INTERNATIONAL STANDARD BOOK NUMBER |
| ISBN |
0374105839 (hardcover : alk. paper) |
| 040 ## - CATALOGING SOURCE (பட்டியலாக்க மூலம்) |
| Original cataloging agency |
DLC |
| Transcribing agency |
DLC |
| Modifying agency |
DLC |
| 082 00 - DDC Classification |
| Class No. |
306.08 |
| DDC Edition Number |
22 |
| Item Number - Author Mark |
AMA. |
| 100 1# - MAIN ENTRY--PERSONAL NAME |
| Personal name |
Sen, Amartya, |
| 245 14 - TITLE STATEMENT |
| Title |
The argumentative Indian : |
| Remainder of title |
writings on Indian history, culture, and identity / |
| Statement of responsibility, etc. |
Amartya Sen. |
| 250 ## - EDITION STATEMENT |
| Edition statement |
1st . |
| 260 ## - PUBLICATION, DISTRIBUTION, ETC. |
| Place of publication, distribution, etc. |
New York : |
| Name of publisher, distributor, etc. |
Farrar, Straus and Giroux, |
| Date of publication, distribution, etc. |
2005. |
| 300 ## - PHYSICAL DESCRIPTION |
| Extent (e.g. Volumes, Pages etc.) |
xx, 409 p. : |
| 650 ## - SUBJECT ADDED ENTRY--TOPICAL TERM |
| Topical term or geographic name entry element |
Indian history. |
| 650 ## - SUBJECT ADDED ENTRY--TOPICAL TERM |
| Topical term or geographic name entry element |
Culture |
| 650 ## - SUBJECT ADDED ENTRY--TOPICAL TERM |
| Topical term or geographic name entry element |
Identity |
| 856 42 - ELECTRONIC LOCATION AND ACCESS |
| Uniform Resource Identifier |
<a href="http://www.loc.gov/catdir/enhancements/fy0625/2005049460-b.html">http://www.loc.gov/catdir/enhancements/fy0625/2005049460-b.html</a> |
| 856 42 - ELECTRONIC LOCATION AND ACCESS |
| Uniform Resource Identifier |
<a href="http://www.loc.gov/catdir/enhancements/fy0625/2005049460-d.html">http://www.loc.gov/catdir/enhancements/fy0625/2005049460-d.html</a> |
| 856 41 - ELECTRONIC LOCATION AND ACCESS |
| Uniform Resource Identifier |
<a href="http://www.loc.gov/catdir/enhancements/fy0625/2005049460-s.html">http://www.loc.gov/catdir/enhancements/fy0625/2005049460-s.html</a> |
| 856 41 - ELECTRONIC LOCATION AND ACCESS |
| Uniform Resource Identifier |
<a href="http://www.loc.gov/catdir/enhancements/fy0625/2005049460-t.html">http://www.loc.gov/catdir/enhancements/fy0625/2005049460-t.html</a> |
| 942 ## - Koha item type (Biblio) |
| Koha item type |
Books in Stacks (Lending) |